000 01619nam a2200349 c 4500
999 _c121819
_d121819
003 BLK
005 20200313085203.0
008 180409b bul|||||r ||||||| ||bul||
010 _aKNG00127451000
040 _aBLK
041 _aBUL
_cBUL
080 _aАнтракс(синя пъпка, сибирска язва)
_b636.09
_x(497.2)
_z636.09(497.2)
100 1 _aКебеджиев, Георги Неделчев
_eпърви автор
_9317244
139 _aАнтраксът в България
_bА 75
245 1 0 _aАнтраксът в България
_bМоногр.
_cГеорги Неделчев Кебеджиев.
257 _aBGR
260 _bБАН
_c1989
300 _a172 с.
_bс ил.
_c20 см
380 _a63
500 _aДруги авт. : А. Цв. Томов, Ив. Н. Ангелов, Д. Г. Филипов, отбелязани на гърба на загл. с. - Изд. на БАН. Инст. по микробиология. - Офс. изд. - 900 тир. - Библиогр. с. 152-165 ; Рез. на рус., англ. ез.
650 4 _aАнтракс
_9147246
651 4 _aБългария
_9241624
653 _aветеринарна медицина
653 _aантракс
653 _aболести при животните
653 _aзаразни заболявания
852 _aЦб 157953
856 4 _qpdf
856 4 _qpdf
942 _cKNG
_n0
_s1
944 _aCR
_c15.02.2012
_l15.02.2012 - от С1,Р / 15.02.2012
_kВиолета_Тройчева
944 _aED
_c12.02.2018
_l15.02.2012 - от С1,Р / 15.02.2012
_kТеодора_Стоянова
999 _d121819